Zbierka zákonov Českej a Slovenskej federatívnej republiky Československá socialistická republika. Česko-slovenská federatívna republika

Gespeichert in:
Bibliographische Detailangaben
Format: Schriftenreihe
Sprache:Slowakisch
Veröffentlicht: Praha Federálne ministerstvo vnútra 1990
Schlagworte:
Tags: Tag hinzufügen
Keine Tags, Fügen Sie das erste Tag hinzu!

MARC

LEADER 00000nas2a2200000 4500
001 s006397
005 20180117152309.7
041 0 |a slo 
044 |a CZ 
245 1 0 |a Zbierka zákonov Českej a Slovenskej federatívnej republiky  |b Československá socialistická republika. Česko-slovenská federatívna republika 
264 1 |a Praha  |b Federálne ministerstvo vnútra  |c 1990 
300 |a 4 zv. 
773 0 |w eu_un_cat*s120942 
610 2 0 |a právo 
610 2 0 |a zákony